000 01139nam a22002777a 4500
001 7249
003 FISKH
005 20250704105058.0
008 250704b cb ||||| |||| 00| 0 eng d
020 _a9781741249200eng
040 _aFISKH
_beng
_cFISKH
_dFISKH
050 _aPZ7
082 _a510
100 _aAnonymous
245 _aGarfield it's all about Math :
_bGive your child a great start with the Garfield learning series /
250 _aThis edition first published in 2006
260 _aAtlanta :
_bESP International Limited,
_c2005.
300 _a32 pages :
_bcolor illustrations ;
_c28 cm
505 _aE
520 _aGarfield: It’s All About Math blends a beloved comic character with early math lessons, offering: A light-hearted and fun way for young learners to practice essential math. A workbook format complemented by interactive CD-ROM exercises. Aided by Garfield’s humor to make potentially dry topics more engaging.
521 8 _a160
_bLexile estimate
521 8 _aE
_bRaz-Plus
650 _aMath
_vEarly math skills
_xNumbers and counting
942 _2ddc
_cBK
_n0
999 _c7249
_d7249